| 000 | 00939nam a2200277 i 4500 | ||
|---|---|---|---|
| 001 | 000032896 | ||
| 003 | DO-SdBNP | ||
| 005 | 20250307073710.0 | ||
| 007 | ta | ||
| 008 | 110801s1949 dr c 000 p spa d | ||
| 040 |
_aDO-SdBNP _bspa _cBNPHU _erda |
||
| 082 | 4 |
_aRD861.42 _bH519p _222 |
|
| 100 | 1 |
_aHenríquez Ureña, Pedro, _d1884-1946 _eautor _91718 |
|
| 245 | 1 | 0 |
_aPoesías juveniles / _cPedro Henríquez Ureña; colección de E. Rodríguez Demorizi. |
| 264 |
_aBogotá, Colombia : _bEspiral Colombia, _c1949. |
||
| 300 |
_a62 páginas : _bretratos ; _c18 cm. |
||
| 336 |
_2rdacontent _atexto _btxt |
||
| 337 |
_2rdamedia _asin mediación _bn |
||
| 338 |
_2rdacarrier _avolumen _bnc |
||
| 590 | _aInventariado, 2019 / DG | ||
| 650 | 4 |
_aPoesía dominicana _966 |
|
| 650 | 0 |
_aLiteratura dominicana. _967 |
|
| 700 | 1 |
_aRodríguez Demorizi, E. _954199 _ecolección |
|
| 910 | _aValidado. Control de calidad MFF | ||
| 942 |
_2ddc _cLBS1 |
||
| 999 |
_c32387 _d32387 |
||